Normal view
MARC view
Entry Personal Name
001 - CONTROL NUMBER
- control field: 1116689
003 - CONTROL NUMBER IDENTIFIER
- control field: OSt
005 - DATE AND TIME OF LATEST TRANSACTION
- control field: 20260226095425.0
008 - FIXED-LENGTH DATA ELEMENTS
- fixed length control field: 260226|| aca||aabn | a|a d
040 ## - CATALOGING SOURCE
- Original cataloging agency: OSt
- Transcribing agency: OSt
100 ## - HEADING--PERSONAL NAME
- Personal name: Rees, Ray
670 ## - SOURCE DATA FOUND
- Source citation: Work cat.: (OSt)585721: Rees, Ray, Public enterprise economics, 1984
